000 00458nam a2200181Ia 4500
005 20250508150854.0
008 008 250505s9999 xx 000 0 eng d
037 _aTextual
040 _aFEDL
_beng
_cFEDL
041 _aeng
_2eng
084 _a920, GID
_qFEDL
100 _aGide Andre
245 0 _aIf it die
260 _aLondon, UK
_bSecker and Warburg
_c1950
300 _a301p.
942 _cTEXL
_h920, GID
999 _c1326235
_d1326235